000 00994nam a2200265 i 4500
001 bg
245 0 0 _aSilniki gazowe'97 :
_bkonstrukcja - badanie - eksploatacja : IV międzynarodowa konferencja naukowa Częstochowa - Vyšné Ružbachy 9-12. /
_cpod. red. Adama Dużyńskiego
_n2.
_n997 r.
260 _aCzęstochowa :
_bWydaw. PC,
_c1997.
300 _a207 s. :
_bfot., rys., wykr. ;
_c24 cm.
490 1 _aKonferencje / Politechnika Częstochowska,
_x1234-9895 ;
_v19
500 _aTekst częśc. w jęz. ang.
504 _aBibliogr., streszcz., summ. przy ref.
650 9 _aSilniki
_xzagadnienia
655 _aMateriały konferencyjne
700 1 _aDUŻYŃSKI, Adam.
_eRed.
710 0 _aPOLITECHNIKA CZĘSTOCHOWSKA (Częstochowa)
830 0 _aKonferencje (Politechnika Częstochowska) ;
_v19
020 _a8371930100
040 _cBPK
041 0 _aenpl
_benpl
080 _a621.43(061.3)
920 _a83-7193-010-0
942 _cKS
008 s pl f |000 0 pol
999 _c32803
_d32803